Kendrick Lamar Artist Quiz - Statistics

General Stats
  • This quiz has been taken 30 times
  • The average score is 13 of 20
Answer Stats
Hint Answer % Correct
What song did Kendrick win 5 Grammy's for at the 67th Grammy's? Not Like Us
92%
Which artist did Kendrick tour with in 2025? SZA
92%
2017 DAMN.
88%
2012 good kid, m.A.A.d city
88%
2022 Mr. Morale and the Big Steppers
88%
2024 GNX
84%
I got loyalty, got royalty, I got loyalty, got royalty, {inside my DNA}.
84%
2011 Section.80
84%
2015 To Pimp A Butterfly
84%
What year was Kendrick born in? 1987
76%
What hip-hop group was Kendrick formerly a part of? Black Hippy
72%
What is the title of Kendrick's 2010 mixtape? Overly Dedicated
72%
But the one in front of But the one in front of {the gun lives forever}.
64%
Johnny don't wanna go Johnny don't wanna go to {school no more}.
60%
Digging in my pocket Digging in my pocket, ain't a profit {big enough to feed you}.
36%
Know you a master manipulator Know you a master manipulator {and habitual liar too}
32%
What is the title of Kendrick's debut single? HiiiPower
28%
Which major UK festival did Kendrick headline in 2022? Glastonbury
24%
Smoking on your Smoking on your {top five tonight}.
24%
With an automatic weapon, don't nobody With an automatic weapon, don't nobody {call a medic}.
12%
No matching quizzes found
Score Distribution
Percent of People with Each Score
Percentile by Number Answered
Your Score History
You have not taken this quiz